[Event "GER-chT U10"]
[Site "Magdeburg"]
[Date "2013.12.28"]
[Round "3.4"]
[White "Niebur, Thorben Carl"]
[Black "Farhoudah, Majd"]
[Result "1-0"]
[WhiteElo "984"]
[BlackElo "1012"]
[PlyCount "75"]
[EventDate "2013.12.27"]
[EventType "team-swiss"]
[EventRounds "5"]
[EventCountry "GER"]
[SourceTitle "EXT 2015"]
[Source "ChessBase"]
[SourceDate "2014.11.20"]
[SourceVersion "1"]
[SourceVersionDate "2014.11.20"]
[SourceQuality "1"]
[WhiteTeam "Erfurt Empor"]
[BlackTeam "Brackel"]
[WhiteTeamCountry "GER"]
[BlackTeamCountry "GER"]

1. e4 e5 2. Nf3 Nc6 3. d4 d5 4. exd5 Qxd5 5. Nc3 Qe6 6. Be3 Bd6 7. d5 Qd7 8. dxc6 bxc6 9. g3 Qe7 10. Bg2 Bg4 11. h3 Bh5 12. Qd3 Bg6 13. Qd2 Nf6 14. Nxe5 0-0 15. Nxc6 Qe8 16. Nd4 Be4 17. Nxe4 Nxe4 18. Qd3 Nc5 19. Qf5 Rb8 20. 0-0 Rxb2 21. Nf3 Rb5 22. c4 Ra5 23. Bd2 Ra4 24. Qc2 Qe6 25. Rac1 Ra6 26. Ng5 Qh6 27. Ne4 Qe6 28. Rfe1 g6 29. Nxc5 Qc8 30. Nxa6 Qxa6 31. c5 Bxg3 32. fxg3 c6 33. Qc3 Rd8 34. Bh6 f6 35. Qxf6 Qb7 36. Qxd8+ Kf7 37. Re7+ Kf6 38. Rf1# 1-0